000 00597nam a2200181Ia 4500
008 151018s9999 xx 000 0 und d
082 _bRBASDV45899
_a891.431
100 _aनीलाभ
245 _aखतरा अगले मोड कि उस तरफ है
250 _b1
260 _bसदानीरा
_c2005
300 _a143
600 _aनीलाभ
630 _aखतरा अगले मोड कि उस तरफ है
700 _aनीलाभ
730 _aखतरा अगले मोड कि उस तरफ है
942 _cBOOK
999 _c1045075
_d1045072